000 00708nam a2200205 4500
001 120860
003 ES-MaACL
005 20240509110824.0
007 t|
008 070214s1973 sp r ||||1| spa d
100 1 _aPollmann, Leo.
_992846
245 1 0 _aSartre y Camus
_b: literatura de la existencia /
_cLeo Pollmann ; versión de Isidro Gómez Romero.
260 _aMadrid :
_bGredos,
_c1973.
300 _a285 p. ;
_c21 cm.
490 1 _aBiblioteca románica hispánica. Estudios y ensayos ;
_v190
700 1 _aGómez Romero, Isidro.
_958145
830 0 _aBiblioteca románica hispánica. II. Estudios y ensayos
_v190
_9178108
852 _aES-MaACL
_jC-54814
_bR.87338
999 _c120860
_d120860